[Event "Xeraco Region-ch Segunda"]
[Site "Xeraco"]
[Date "2016.11.12"]
[Round "6.5"]
[White "Rosello Rosello, Antonio"]
[Black "Molla Martinez, Teresa"]
[Result "1-0"]
[WhiteElo "1255"]
[BlackElo "1101"]
[PlyCount "99"]
[EventDate "2016.10.01"]
[EventType "swiss"]
[EventRounds "7"]
[EventCountry "ESP"]
[SourceTitle "EXT 2024"]
[Source "ChessBase"]
[SourceDate "2023.10.10"]
[SourceVersion "1"]
[SourceVersionDate "2023.10.10"]
[SourceQuality "1"]

1. e4 c5 2. Nc3 Nc6 3. d3 Nf6 4. Nf3 e5 5. Bg5 Be7 6. Qd2 0-0 7. 0-0-0 Nd4 8. Nxe5 b5 9. Nf3 b4 10. Nxd4 cxd4 11. Nd5 Nxd5 12. Bxe7 Nxe7 13. Qxb4 Nc6 14. Qc5 Qf6 15. f3 Qe5 16. Qc4 Rb8 17. a3 Na5 18. Qa4 Qb5 19. Qxd4 Nc6 20. Qc3 a5 21. d4 Qb6 22. d5 Na7 23. h4 Ba6 24. g4 Rfc8 25. Qe5 Qe3+ 26. Rd2 Bxf1 27. Rxf1 Qb3 28. Kb1 Qxa3 29. c3 Qc5 30. Qd4 Qxd4 31. Rxd4 Rb5 32. Kc2 a4 33. Rxa4 Ra8 34. h5 Rb7 35. Rfa1 Kf8 36. Ra6 Ke7 37. b4 d6 38. Kd3 Rd7 39. b5 Rb8 40. c4 Nxb5 41. cxb5 Rxb5 42. Kc4 Rc5+ 43. Kd4 Rc8 44. e5 dxe5+ 45. Kxe5 f6+ 46. Kd4 Rd6 47. Ra7+ Rd7 48. Rxd7+ Kxd7 49. Ra7+ Rc7 50. Ra6 1-0